Music Quiz

Random Music or Album Quiz

30 Missing Album Words Quiz Stats

Quiz Updated Jan 12, 2015

Challenge
Share
Tweet
Score 0/30 Timer 06:00
1 Play Today
% Correct
Be
99.1%
Born
94%
Back
85.9%
Idiot
80.7%
Eagle
74%
Blood
73.7%
Band
69.7%
Brothers
60.7%
Black
59.7%
Computer
58.5%
First
56.8%
Revisited
56.5%
Time
56%
Bollocks
54.5%
Bleed
53.8%
% Correct
Ghost
44.5%
Double
39.5%
Unforgettable
38%
Blue
37.3%
Sell
36%
Siamese
35.7%
Northern
33%
Hotel
29.6%
Ruin
27.3%
Music
17.3%
Reality
16.9%
Wasting
13.2%
Modern
12.8%
Planet
6.8%
Close
5.8%

You're not logged in!

Compare scores with friends on all Sporcle quizzes.
Sign Up with Email
OR
Log In

You Might Also Like...

Show Comments

Extras

Top Quizzes Today


Score Distribution

Your Account Isn't Verified!

In order to create a playlist on Sporcle, you need to verify the email address you used during registration. Go to your Sporcle Settings to finish the process.